| 000 | nam a22 a 4500 | ||
|---|---|---|---|
| 999 |
_c59366 _d59366 |
||
| 003 | BLK | ||
| 005 | 20220818134757.0 | ||
| 008 | 180408b bul|||||r ||||||| ||bul|| | ||
| 010 | _aKNG00063458000 | ||
| 040 | _aBLK | ||
| 041 |
_aBUL _cBUL |
||
| 080 |
_aСтроеж на материята _b539 _x(075.8) _z539(075.8) |
||
| 100 | 1 |
_aХристов, Васил Йосифов _eпърви автор _9270521 |
|
| 139 | _aХристов, Васил Йосифов и др. | ||
| 245 | 1 | 0 |
_aОснови на неутронната физика и физика на ядрените реактори _bУчебник за студентите от СУ Климент Охридски _cВасил Христов, Тихомир Апостолов. |
| 257 | _aBGR | ||
| 260 |
_aСофия _bНаука и изкуство _c1974 |
||
| 300 |
_a502 с. _c23 см |
||
| 380 | _a5 | ||
| 650 | 4 |
_aФизика, атомна _9270523 |
|
| 653 | 7 |
_9192135 _aнеутрони |
|
| 653 | 0 |
_9449319 _aядрени реактори |
|
| 700 | 1 |
_aАпостолов, Тихомир Голубинов _eсъавт. _9270522 |
|
| 852 |
_aЦб 71862 _bЦб |
||
| 942 |
_cKNG _n0 _02 _s1 |
||
| 944 |
_aCR _c13.06.2004 _kЧиталня |
||
| 944 |
_aED _c2022-08-18 _kСТ |
||
| 999 | _d59366 | ||